000
00323nam a22001457a 4500
008
210310b ||||| |||| 00| 0 eng d
020
_a
2901449686917
041
_a
eng
080
_2
7th
_a
615
082
_a
615
100
_a
5
101
_a
FAR
245
_a
Pharmacy Practice and the Law
_c
Abood,R.R
942
_2
udc
_c
BK
999
_c
56178
_d
56178